header

Fundraising and the next generation (Record no. 133932)

MARC details
000 -LEADER
fixed length control field 01359nam a2200349Ia 4500
082 04 - DEWEY DECIMAL CLASSIFICATION NUMBER
Classification number 658.15/224
100 1# - MAIN ENTRY--AUTHOR NAME
Personal name Davis, Emily,
245 10 - TITLE STATEMENT
Title Fundraising and the next generation
260 ## - PUBLICATION, DISTRIBUTION, ETC. (IMPRINT)
Place of publication Hoboken, N.J. :
Name of publisher John Wiley & Sons,
Year of publication c2012.
300 ## - PHYSICAL DESCRIPTION
Number of Pages xv, 304 p. :
Other physical details ill.
490 1# - SERIES STATEMENT
Series statement The AFP fund development series
650 #0 - SUBJECT ADDED ENTRY--TOPICAL TERM
Topical Term Fund raising.
Topical Term Nonprofit organizations
Topical Term Young adults.
856 40 - ELECTRONIC LOCATION AND ACCESS
Uniform Resource Identifier http://site.ebrary.com/lib/rucke/Doc?id=10538740

No items available.

© 2026 Rongo University
Contact us: librarian | system librarian | Rongo university